| 000 | 00665nam a2200241Ia 4500 | ||
|---|---|---|---|
| 003 | OSt | ||
| 005 | 20220918182242.0 | ||
| 006 | a|||||r|||| 00| 0 | ||
| 007 | ta | ||
| 008 | 220917b |||||||| |||| 00| 0 eng d | ||
| 024 | _a31,468 | ||
| 037 | _cTextual | ||
| 040 |
_aARTS _cARTS _beng |
||
| 041 |
_2eng _aeng |
||
| 082 | _aO111, 3M82x:g, L3 | ||
| 100 |
_aKelley A V B _959917 |
||
| 245 | 0 |
_aNovels of Virginia Woolf _b Fact and vision |
|
| 260 |
_aChicago _bUniv of Chicago USA _c1973 |
||
| 300 |
_avii, 279p. _ccm. |
||
| 650 | _aENGLISH LITERATURE | ||
| 942 |
_hO111, 3M82x:g, L3 _cTEXL _2CC |
||
| 999 |
_c168296 _d168296 |
||